00465cam a22001217a 4500008004000000082001800040100001500058245010100073260007500174300000800249440005100257650003500308180718b1971 xxu||||| |||| 00| 0 eng d aP422x54 N213r aGupta, R.K aReview of the recommendations of nine national seminars on elementary (1961-1969)cby R.K. Gupta aNew DelhibNational Council of educational research and trainingc1971 a48p aNational Seminar on Elementry Education Series aEducation, Elementary --India.